[Event "Maraba op 3rd"]
[Site "Maraba"]
[Date "2016.04.23"]
[Round "5"]
[White "Sousa, Ricardo Vinicius Ca"]
[Black "Torres, Edson Felipe do Car"]
[Result "1-0"]
[WhiteElo "1525"]
[BlackElo "1800"]
[PlyCount "41"]
[EventDate "2016.04.21"]
[EventType "swiss"]
[EventRounds "7"]
[EventCountry "BRA"]
[SourceTitle "CBM 172 Extra"]
[Source "ChessBase"]
[SourceDate "2016.06.21"]
[SourceVersion "1"]
[SourceVersionDate "2016.06.21"]
[SourceQuality "1"]

1. d4 d5 2. Nf3 Nf6 3. c4 Bf5 4. e3 Bxb1 5. Rxb1 e6 6. Bd3 b6 7. 0-0 Bd6 8. Bd2 Nc6 9. Qc2 e5 10. dxe5 Nxe5 11. Nxe5 Bxe5 12. Rfd1 0-0 13. Bc3 Bd6 14. Bxf6 Qxf6 15. Bxh7+ Kh8 16. Bf5 Qe5 17. g3 dxc4 18. Rd4 b5 19. Rh4+ Kg8 20. Bh7+ Kh8 21. Bg8+ 1-0

[Event "Maraba op 3rd"]
[Site "Maraba"]
[Date "2016.04.22"]
[Round "3"]
[White "Leao, Flavio Sanchez"]
[Black "Torres, Edson Felipe do Car"]
[Result "1-0"]
[WhiteElo "1840"]
[BlackElo "1800"]
[PlyCount "95"]
[EventDate "2016.04.21"]
[EventType "swiss"]
[EventRounds "7"]
[EventCountry "BRA"]
[SourceTitle "CBM 172 Extra"]
[Source "ChessBase"]
[SourceDate "2016.06.21"]
[SourceVersion "1"]
[SourceVersionDate "2016.06.21"]
[SourceQuality "1"]

1. e4 e5 2. Nf3 d6 3. d4 Be7 4. dxe5 Bg4 5. exd6 Bxd6 6. Be2 Nc6 7. 0-0 Qf6 8. e5 Nxe5 9. Re1 Ne7 10. Bg5 Nxf3+ 11. Bxf3 Bxf3 12. Bxf6 Bxd1 13. Bxe7 Bxe7 14. Rxd1 0-0 15. Nc3 c6 16. Rd7 Rfe8 17. Rxb7 Bc5 18. Kf1 Rab8 19. Rxb8 Rxb8 20. Rd1 h6 21. b3 Re8 22. g3 Re5 23. Na4 Bb6 24. Nxb6 axb6 25. c4 b5 26. cxb5 Rxb5 27. Rc1 c5 28. Ke2 Kf8 29. Kd3 Ke7 30. Kc4 Ra5 31. a4 Kd6 32. Rd1+ Kc6 33. Rd5 g6 34. b4 Rxa4 35. Rxc5+ Kb6 36. Ra5 Rxa5 37. bxa5+ Kxa5 38. Kd5 f5 39. Ke5 Kb4 40. Kf6 Kc3 41. Kxg6 Kd2 42. Kxf5 Ke2 43. f4 Kf3 44. Kg6 Kg4 45. f5 h5 46. f6 Kh3 47. Kxh5 Kxh2 48. f7 1-0